| 000 | 00596nam a22002057a 4500 | ||
|---|---|---|---|
| 005 | 20251108164856.0 | ||
| 008 | 250721s1992 xx 000 0 ara d | ||
| 082 | 1 | 4 | _a816.963/جما |
| 100 | 1 | _aأحمد، جمال محمد | |
| 245 | 1 | 0 | _aرسائل و أوراق خاصة / |
| 264 | 1 |
_aبيروت : _bدار الجيل، _c1992. |
|
| 300 | _a217ص | ||
| 650 | 1 | 7 | _aالرسائل العربية |
| 650 | 1 | 7 | _aالسودان |
| 650 | 1 | 7 | _aالأدب العربي |
| 650 | 1 | 7 | _aالرسائل |
| 700 | 1 |
_aالحسن، عثمان محمد _eجمع |
|
| 942 |
_2ddc _cBK |
||
| 999 |
_c16410 _d16410 |
||